<?xml version="1.0" encoding="UTF-8"?>
<record
    xmlns:xsi="http://www.w3.org/2001/XMLSchema-instance"
    xsi:schemaLocation="http://www.loc.gov/MARC21/slim http://www.loc.gov/standards/marcxml/schema/MARC21slim.xsd"
    xmlns="http://www.loc.gov/MARC21/slim">

  <leader>02228    a2200313   4500</leader>
  <controlfield tag="001">41315</controlfield>
  <controlfield tag="005">20260407155707.0</controlfield>
  <controlfield tag="008">260407a2015    arg                 spa d</controlfield>
  <controlfield tag="003">AR-UNSa-BCEJYS</controlfield>
  <datafield tag="040" ind1=" " ind2=" ">
    <subfield code="a">AR-UNSa-BCEJYS</subfield>
    <subfield code="b">spa</subfield>
    <subfield code="c">AR-UNSa-BCEJYS</subfield>
  </datafield>
  <datafield tag="080" ind1=" " ind2=" ">
    <subfield code="a">343.13</subfield>
    <subfield code="x">Procedimiento penal. Derecho procesal penal </subfield>
  </datafield>
  <datafield tag="245" ind1="1" ind2="0">
    <subfield code="a">C&#xF3;digo procesal penal de la Naci&#xF3;n</subfield>
    <subfield code="p">Aspectos esenciales de la reforma introducida por la Ley 27.063</subfield>
  </datafield>
  <datafield tag="264" ind1=" " ind2="1">
    <subfield code="a">Buenos Aires :</subfield>
    <subfield code="b">Erreius</subfield>
    <subfield code="c">2015</subfield>
  </datafield>
  <datafield tag="300" ind1=" " ind2=" ">
    <subfield code="a">105 p.</subfield>
    <subfield code="c">26 cm.</subfield>
  </datafield>
  <datafield tag="505" ind1=" " ind2=" ">
    <subfield code="a">1. Consideraciones en torno al nuevo C&#xF3;digo Procesal Penal de la Naci&#xF3;n (L. 27063) / Luis F. Ni&#xF1;o - 2. El nuevo C&#xF3;digo Procesal Penal de la Naci&#xF3;n -L. 27063- / Nicol&#xE1;s Grappasonno - 3. A prop&#xF3;sito de la implementaci&#xF3;n del nuevo C&#xF3;digo Procesal Penal de la Naci&#xF3;n: &#xBF;existe un l&#xED;mite temporal entre dos sistemas procesales? / Horacio J. Romero Villanueva - 4. Sobre ciertos aspectos del juicio en el nuevo C&#xF3;digo Procesal Penal de la Naci&#xF3;n / Ra&#xFA;l F. Elhart - 5. La conciliaci&#xF3;n en el nuevo C&#xF3;digo Procesal Penal de la Naci&#xF3;n / Viviana H. S&#xE1;nchez Rodr&#xED;guez - 6. La suspensi&#xF3;n del juicio a prueba en el nuevo C&#xF3;digo Procesal Penal: el r&#xE9;gimen diferenciado para nacionales y extranjeros / Javier T. Alvarez - 7. Sobre los procedimientos alternativos al juicio oral que se establecen en el nuevo C&#xF3;digo Procesal Penal de la Naci&#xF3;n / Corina Vera Mendoza - 8. La conciliaci&#xF3;n a la luz de la ley 24769. &#xBF;Un nuevo supuesto de extinci&#xF3;n de la acci&#xF3;n penal por pago? / Santiago L. Gonz&#xE1;lez - 9. La imposibilidad de aplicar una pena mayor a la solicitada por el fiscal o modificar la calificaci&#xF3;n legal en el nuevo C&#xF3;digo Procesal Penal / Yamila Rodr&#xED;guez</subfield>
  </datafield>
  <datafield tag="041" ind1=" " ind2=" ">
    <subfield code="a">spa</subfield>
  </datafield>
  <datafield tag="942" ind1=" " ind2=" ">
    <subfield code="c">BK</subfield>
  </datafield>
  <datafield tag="590" ind1=" " ind2=" ">
    <subfield code="a">niveau_biblio:m niveau_hierar:0</subfield>
  </datafield>
  <datafield tag="100" ind1="1" ind2=" ">
    <subfield code="a">Ni&#xF1;o, Luis F.</subfield>
  </datafield>
  <datafield tag="700" ind1="1" ind2=" ">
    <subfield code="a">Romero Villanueva, Horacio J.</subfield>
  </datafield>
  <datafield tag="700" ind1="1" ind2=" ">
    <subfield code="a">Grappasonno, Nicol&#xE1;s</subfield>
  </datafield>
  <datafield tag="700" ind1="1" ind2=" ">
    <subfield code="a">Elhart, Ra&#xFA;l F.</subfield>
  </datafield>
  <datafield tag="700" ind1="1" ind2=" ">
    <subfield code="a">S&#xE1;nchez Rodr&#xED;guez, Viviana H.</subfield>
  </datafield>
  <datafield tag="700" ind1="1" ind2=" ">
    <subfield code="a">&#xC1;lvarez, Javier T.</subfield>
  </datafield>
  <datafield tag="700" ind1="1" ind2=" ">
    <subfield code="a">Vera Mendoza, Corina</subfield>
  </datafield>
  <datafield tag="700" ind1="1" ind2=" ">
    <subfield code="a">Gonz&#xE1;lez, Santiago L.</subfield>
  </datafield>
  <datafield tag="700" ind1="1" ind2=" ">
    <subfield code="a">Rodr&#xED;guez, Yamila V.</subfield>
  </datafield>
  <datafield tag="856" ind1="4" ind2="1">
    <subfield code="u">https://biblioeco.unsa.edu.ar/pmb/images/libros/E00030.jpg</subfield>
    <subfield code="y">Imagen de portada</subfield>
    <subfield code="q">image/jpeg</subfield>
  </datafield>
  <datafield tag="999" ind1=" " ind2=" ">
    <subfield code="c">3458</subfield>
    <subfield code="d">3458</subfield>
  </datafield>
  <datafield tag="952" ind1=" " ind2=" ">
    <subfield code="0">0</subfield>
    <subfield code="1">0</subfield>
    <subfield code="4">0</subfield>
    <subfield code="7">0</subfield>
    <subfield code="a">BCEJYS</subfield>
    <subfield code="b">BCEJYS</subfield>
    <subfield code="c">16</subfield>
    <subfield code="d">2026-04-07</subfield>
    <subfield code="l">0</subfield>
    <subfield code="o">E343.13 R763/ER</subfield>
    <subfield code="p">E00030</subfield>
    <subfield code="r">2026-04-07 15:57:07</subfield>
    <subfield code="w">2026-04-07</subfield>
    <subfield code="y">L</subfield>
  </datafield>
</record>
